<?xml version="1.0" encoding="UTF-8"?>
<record
    xmlns:xsi="http://www.w3.org/2001/XMLSchema-instance"
    xsi:schemaLocation="http://www.loc.gov/MARC21/slim http://www.loc.gov/standards/marcxml/schema/MARC21slim.xsd"
    xmlns="http://www.loc.gov/MARC21/slim">

  <leader>02610nam0a2200421   4500</leader>
  <controlfield tag="001">RU\NLR\bibl\1389099</controlfield>
  <controlfield tag="005">20260405185734.0</controlfield>
  <datafield tag="010" ind1=" " ind2=" ">
    <subfield code="a">978-5-94332-071-2</subfield>
  </datafield>
  <datafield tag="021" ind1=" " ind2=" ">
    <subfield code="a">RU</subfield>
    <subfield code="b">2009-35676</subfield>
    <subfield code="9">2156</subfield>
  </datafield>
  <datafield tag="035" ind1=" " ind2=" ">
    <subfield code="a">(nilc)RSL-KNO-004322640</subfield>
  </datafield>
  <datafield tag="035" ind1=" " ind2=" ">
    <subfield code="a">(NLR Aleph) 001381151</subfield>
  </datafield>
  <datafield tag="090" ind1=" " ind2=" ">
    <subfield code="a">1102897</subfield>
    <subfield code="c">1102897</subfield>
  </datafield>
  <datafield tag="100" ind1=" " ind2=" ">
    <subfield code="a">20090421d2009    |||y0rusy50      ca</subfield>
  </datafield>
  <datafield tag="101" ind1="0" ind2=" ">
    <subfield code="a">rus</subfield>
    <subfield code="a">eng</subfield>
    <subfield code="e">eng</subfield>
  </datafield>
  <datafield tag="102" ind1=" " ind2=" ">
    <subfield code="a">RU</subfield>
  </datafield>
  <datafield tag="105" ind1=" " ind2=" ">
    <subfield code="a">a   |||||||||</subfield>
  </datafield>
  <datafield tag="200" ind1="1" ind2=" ">
    <subfield code="a">&#x41E;&#x441;&#x43D;&#x43E;&#x432;&#x43D;&#x44B;&#x435; &#x437;&#x43E;&#x43B;&#x43E;&#x442;&#x43E;&#x43F;&#x440;&#x43E;&#x434;&#x443;&#x43A;&#x442;&#x438;&#x432;&#x43D;&#x44B;&#x435; &#x438; &#x441;&#x43E;&#x43F;&#x443;&#x442;&#x441;&#x442;&#x432;&#x443;&#x44E;&#x449;&#x438;&#x435; &#x43C;&#x435;&#x442;&#x430;&#x441;&#x43E;&#x43C;&#x430;&#x442;&#x438;&#x447;&#x435;&#x441;&#x43A;&#x438;&#x435; &#x444;&#x43E;&#x440;&#x43C;&#x430;&#x446;&#x438;&#x438; &#x423;&#x440;&#x430;&#x43B;&#x430;</subfield>
    <subfield code="d">The main goldproductive and associated metasomatic formations of the Urals</subfield>
    <subfield code="e">(&#x433;&#x435;&#x43E;&#x43B;&#x43E;&#x433;&#x438;&#x447;&#x435;&#x441;&#x43A;&#x430;&#x44F; &#x43F;&#x43E;&#x437;&#x438;&#x446;&#x438;&#x44F;, &#x437;&#x43E;&#x43D;&#x430;&#x43B;&#x44C;&#x43D;&#x43E;&#x441;&#x442;&#x44C;, &#x43C;&#x438;&#x43D;&#x435;&#x440;&#x430;&#x43B;&#x43E;&#x433;&#x438;&#x447;&#x435;&#x441;&#x43A;&#x430;&#x44F;, &#x445;&#x438;&#x43C;&#x438;&#x447;&#x435;&#x441;&#x43A;&#x430;&#x44F; &#x438; &#x442;&#x435;&#x43A;&#x441;&#x442;&#x443;&#x440;&#x43D;&#x43E;-&#x441;&#x442;&#x440;&#x443;&#x43A;&#x442;&#x443;&#x440;&#x43D;&#x430;&#x44F; &#x442;&#x440;&#x430;&#x43D;&#x441;&#x444;&#x43E;&#x440;&#x43C;&#x430;&#x446;&#x438;&#x438; &#x44D;&#x434;&#x443;&#x43A;&#x442;&#x43E;&#x432; &#x438; &#x43F;&#x440;&#x43E;&#x433;&#x43D;&#x43E;&#x441;&#x442;&#x438;&#x447;&#x435;&#x441;&#x43A;&#x43E;&#x435; &#x437;&#x43D;&#x430;&#x447;&#x435;&#x43D;&#x438;&#x435;)</subfield>
    <subfield code="f">&#x412;.&#x41D;. &#x421;&#x430;&#x437;&#x43E;&#x43D;&#x43E;&#x432;, &#x412;.&#x410;. &#x41A;&#x43E;&#x440;&#x43E;&#x442;&#x435;&#x435;&#x432;</subfield>
    <subfield code="g">&#x43E;&#x442;&#x432;. &#x440;&#x435;&#x434;. &#x430;&#x43A;&#x430;&#x434;. &#x420;&#x410;&#x415;&#x41D; &#x41D;.&#x421;. &#x411;&#x43E;&#x440;&#x442;&#x43D;&#x438;&#x43A;&#x43E;&#x432;</subfield>
    <subfield code="g">[&#x420;&#x43E;&#x441;. &#x430;&#x43A;&#x430;&#x434;. &#x43D;&#x430;&#x443;&#x43A;, &#x423;&#x440;&#x430;&#x43B;. &#x43E;&#x442;&#x434;-&#x43D;&#x438;&#x435;, &#x418;&#x43D;-&#x442; &#x433;&#x435;&#x43E;&#x43B;&#x43E;&#x433;&#x438;&#x438; &#x438; &#x433;&#x435;&#x43E;&#x445;&#x438;&#x43C;&#x438;&#x438; &#x438;&#x43C;. &#x430;&#x43A;&#x430;&#x434;. &#x410;.&#x41D;. &#x417;&#x430;&#x432;&#x430;&#x440;&#x438;&#x446;&#x43A;&#x43E;&#x433;&#x43E;]</subfield>
    <subfield code="z">eng</subfield>
  </datafield>
  <datafield tag="210" ind1=" " ind2=" ">
    <subfield code="a">&#x415;&#x43A;&#x430;&#x442;&#x435;&#x440;&#x438;&#x43D;&#x431;&#x443;&#x440;&#x433;</subfield>
    <subfield code="c">&#x418;&#x43D;-&#x442; &#x433;&#x435;&#x43E;&#x43B;&#x43E;&#x433;&#x438;&#x438; &#x438; &#x433;&#x435;&#x43E;&#x445;&#x438;&#x43C;&#x438;&#x438; &#x423;&#x440;&#x41E; &#x420;&#x410;&#x41D;</subfield>
    <subfield code="d">2009</subfield>
  </datafield>
  <datafield tag="215" ind1=" " ind2=" ">
    <subfield code="a">161 &#x441;., [12] &#x43B;. &#x446;&#x432;. &#x438;&#x43B;.</subfield>
    <subfield code="c">&#x438;&#x43B;., &#x43A;&#x430;&#x440;&#x442;&#x44B;, &#x442;&#x430;&#x431;&#x43B;.</subfield>
    <subfield code="d">30</subfield>
  </datafield>
  <datafield tag="300" ind1=" " ind2=" ">
    <subfield code="a">&#x410;&#x432;&#x442;. &#x442;&#x430;&#x43A;&#x436;&#x435; &#x43D;&#x430; &#x430;&#x43D;&#x433;&#x43B;. &#x44F;&#x437;.</subfield>
  </datafield>
  <datafield tag="300" ind1=" " ind2=" ">
    <subfield code="a">&#x420;&#x435;&#x437;. &#x43D;&#x430; &#x430;&#x43D;&#x433;&#x43B;. &#x44F;&#x437;.</subfield>
  </datafield>
  <datafield tag="320" ind1=" " ind2=" ">
    <subfield code="a">&#x411;&#x438;&#x431;&#x43B;&#x438;&#x43E;&#x433;&#x440;.: &#x441;. 143-150</subfield>
  </datafield>
  <datafield tag="510" ind1="0" ind2=" ">
    <subfield code="6">z48790</subfield>
    <subfield code="a">The main goldproductive and associated metasomatic formations of the Urals</subfield>
    <subfield code="z">eng</subfield>
  </datafield>
  <datafield tag="606" ind1="1" ind2=" ">
    <subfield code="a">&#x417;&#x43E;&#x43B;&#x43E;&#x442;&#x43E;&#x440;&#x443;&#x434;&#x43D;&#x44B;&#x435; &#x43C;&#x435;&#x442;&#x430;&#x441;&#x43E;&#x43C;&#x430;&#x442;&#x438;&#x442;&#x44B;</subfield>
    <subfield code="y">&#x423;&#x440;&#x430;&#x43B;</subfield>
    <subfield code="9">2573344</subfield>
    <subfield code="3">RU\NLR\auth\661521647</subfield>
  </datafield>
  <datafield tag="686" ind1=" " ind2=" ">
    <subfield code="a">&#x414;9(2&#x420;36)451.41,0</subfield>
    <subfield code="2">rubbk</subfield>
  </datafield>
  <datafield tag="686" ind1=" " ind2=" ">
    <subfield code="a">&#x414;451.41-0,0</subfield>
    <subfield code="2">rubbk</subfield>
  </datafield>
  <datafield tag="686" ind1=" " ind2=" ">
    <subfield code="a">&#x414;451.41-24(2&#x420;36)</subfield>
  </datafield>
  <datafield tag="686" ind1=" " ind2=" ">
    <subfield code="a">&#x414;347.5-24(2&#x420;36)</subfield>
  </datafield>
  <datafield tag="700" ind1=" " ind2="1">
    <subfield code="4">070</subfield>
    <subfield code="8">rus</subfield>
    <subfield code="7">ca</subfield>
    <subfield code="a">&#x421;&#x430;&#x437;&#x43E;&#x43D;&#x43E;&#x432;</subfield>
    <subfield code="b">&#x412;. &#x41D;.</subfield>
    <subfield code="c">&#x434;-&#x440; &#x433;&#x435;&#x43E;&#x43B;.-&#x43C;&#x438;&#x43D;&#x435;&#x440;&#x430;&#x43B;. &#x43D;&#x430;&#x443;&#x43A;</subfield>
    <subfield code="f">1936-</subfield>
    <subfield code="g">&#x412;&#x43B;&#x430;&#x434;&#x438;&#x43C;&#x438;&#x440; &#x41D;&#x438;&#x43A;&#x43E;&#x43B;&#x430;&#x435;&#x432;&#x438;&#x447;</subfield>
    <subfield code="3">RU\NLR\auth\7781973</subfield>
    <subfield code="9">64901</subfield>
  </datafield>
  <datafield tag="701" ind1=" " ind2="1">
    <subfield code="4">070</subfield>
    <subfield code="8">rus</subfield>
    <subfield code="7">ca</subfield>
    <subfield code="a">&#x41A;&#x43E;&#x440;&#x43E;&#x442;&#x435;&#x435;&#x432;</subfield>
    <subfield code="b">&#x412;. &#x410;.</subfield>
    <subfield code="f">1937-</subfield>
    <subfield code="g">&#x412;&#x438;&#x43A;&#x442;&#x43E;&#x440; &#x410;&#x43B;&#x435;&#x43A;&#x441;&#x435;&#x435;&#x432;&#x438;&#x447;</subfield>
    <subfield code="3">RU\NLR\auth\7725948</subfield>
    <subfield code="9">8993</subfield>
  </datafield>
  <datafield tag="790" ind1=" " ind2="1">
    <subfield code="4">070</subfield>
    <subfield code="8">rus</subfield>
    <subfield code="7">ba</subfield>
    <subfield code="a">Sazonov</subfield>
    <subfield code="b">V. N.</subfield>
    <subfield code="c">&#x434;-&#x440; &#x433;&#x435;&#x43E;&#x43B;.-&#x43C;&#x438;&#x43D;&#x435;&#x440;&#x430;&#x43B;. &#x43D;&#x430;&#x443;&#x43A;</subfield>
    <subfield code="f">1936-</subfield>
    <subfield code="g">Vladimir Nikolaevi&#x10D;</subfield>
    <subfield code="3">RU\NLR\auth\7781974</subfield>
    <subfield code="9">64902</subfield>
  </datafield>
  <datafield tag="790" ind1=" " ind2="1">
    <subfield code="4">070</subfield>
    <subfield code="8">rus</subfield>
    <subfield code="7">ca</subfield>
    <subfield code="a">Koroteev</subfield>
    <subfield code="b">V. A.</subfield>
    <subfield code="f">1937-</subfield>
    <subfield code="g">Viktor Alekseevi&#x10D;</subfield>
    <subfield code="3">RU\NLR\auth\7782006</subfield>
    <subfield code="9">64934</subfield>
  </datafield>
  <datafield tag="801" ind1=" " ind2="0">
    <subfield code="a">RU</subfield>
    <subfield code="b">&#x420;&#x41A;&#x41F;</subfield>
    <subfield code="c">20090421</subfield>
    <subfield code="g">rcr</subfield>
  </datafield>
  <datafield tag="801" ind1=" " ind2="1">
    <subfield code="a">RU</subfield>
    <subfield code="b">&#x420;&#x413;&#x411;</subfield>
    <subfield code="c">20090421</subfield>
  </datafield>
  <datafield tag="801" ind1=" " ind2="2">
    <subfield code="a">RU</subfield>
    <subfield code="b">NLR</subfield>
    <subfield code="c">20090703</subfield>
    <subfield code="g">rcr</subfield>
  </datafield>
  <datafield tag="830" ind1=" " ind2=" ">
    <subfield code="a">&#x430;&#x432;&#x442;. &#x440;&#x430;&#x441;&#x43A;&#x440;&#x44B;&#x442;&#x44B; &#x43F;&#x43E; &#x43A;&#x43D;.</subfield>
  </datafield>
  <datafield tag="942" ind1=" " ind2=" ">
    <subfield code="c">BOOK</subfield>
  </datafield>
  <datafield tag="980" ind1=" " ind2=" ">
    <subfield code="a">NB</subfield>
  </datafield>
  <datafield tag="995" ind1=" " ind2=" ">
    <subfield code="5">2009-07-03</subfield>
    <subfield code="a">ad</subfield>
    <subfield code="b">NLR01</subfield>
    <subfield code="c">NLR01</subfield>
    <subfield code="e">RF9</subfield>
    <subfield code="f">2954139</subfield>
    <subfield code="k">2009-8/2021</subfield>
    <subfield code="o">0</subfield>
    <subfield code="r">BOOK</subfield>
    <subfield code="s">200982021_</subfield>
  </datafield>
  <datafield tag="995" ind1=" " ind2=" ">
    <subfield code="5">2009-07-03</subfield>
    <subfield code="a">ad</subfield>
    <subfield code="b">NLR01</subfield>
    <subfield code="c">NLR01</subfield>
    <subfield code="e">RF9</subfield>
    <subfield code="f">2954140</subfield>
    <subfield code="k">2009-8/2021</subfield>
    <subfield code="o">0</subfield>
    <subfield code="r">BOOK</subfield>
    <subfield code="s">200982021_</subfield>
  </datafield>
</record>
